NL East Teams MLB - Statistics

General Stats
  • This quiz has been taken 27 times
  • The average score is 5 of 5
Answer Stats
Answer % Correct
mets
100%
phillies
100%
braves
95%
marlins
91%
nationals
91%
No matching quizzes found
Score Distribution
Percent of People with Each Score
Percentile by Number Answered
Your Score History
You have not taken this quiz